000 00658nam a2200217 a 4500
001 000009250
003 DO-SdBNP
005 20220406111012.0
008 090929s1968 pr 000 p spa d
040 _aDO-SdBNP
_bspa
_cBNPHU
082 4 _aPR861.44
_bE18m
_222
100 1 _aEchevarria, Colón,
_d1898-1979
_923955
245 1 0 _aMas palos que bombos /
_cColón Echevarria.
260 _aSan Juan, Puerto Rico :
_b[s.n.],
_c1968.
300 _a227 p. ;
_c23 cm.
590 _aInventariado 2022/LP
650 4 _aPoesía puertorriqueña
_91015
650 4 _aLiteratura puertorriqueña
_9250
910 _aValidado. Control de calidad MFF
942 _2ddc
_cLBS1
999 _c9012
_d9012